| 000 | 04182cam a22006614i 4500 | ||
|---|---|---|---|
| 003 | PE-LiUPU | ||
| 005 | 20250731170457.0 | ||
| 008 | 150706s2011 sp a rb 000 0 spa d | ||
| 020 | _a8499486134 | ||
| 020 | _a9788499486130 | ||
| 035 | _a(Sirsi) i9788499486130 | ||
| 040 |
_aPE-LiUPU _bspa _cPE-LiUPU _dPE-LiUPU _erda |
||
| 049 | _aPRUA | ||
| 082 | 0 | 4 |
_a155.7 _bP45 _221 |
| 245 | 0 | 0 |
_aPsicología del desarrollo humano : _bdel nacimiento a la vejez / _ccoordinadores, Neli Pérez Pérez, Ignasi Navarro Soria. |
| 264 | 1 |
_aSan Vicente [del Raspeig] Alicante : _bClub Universitario, _c2011. |
|
| 300 |
_a289 páginas : _bilustraciones ; _c24 centímetros |
||
| 336 |
_atext _2rdacontent |
||
| 337 |
_aunmediated _2rdamedia |
||
| 338 |
_avolume _2rdacarrier |
||
| 504 | _aIncluye bibliografía al final de cada capítulo. | ||
| 505 | 0 | _aHistoria y conceptos de la Psicología del desarrollo -- Concepto de psicología del desarrollo -- El estudio del desarrollo humano como ciencia -- Principales teorías del desarrollo humano -- Tópicos evolutivos en la disciplina -- El comienzo de la vida y la primera infancia (o-2 años) -- Desarrollo biosocial -- Desarrollo cognitivo -- Desarrollo socioafectivo -- El desarrollo del niño en la infancia (2-6 años) -- Desarrollo físico y psicomotor a partir de los dos años -- Desarrollo cognitivo en la etapa de dos a seis años -- Desarrollo del lenguaje -- Desarrollo de la personalidad -- El desarrollo emocional de dos a seis años -- La sexualidad del niño y de la niña -- El desarrollo social del niño de dos a seis años -- Desarrollo cognitivo entre los seis y los doce años -- Procesos cognitivo básicos entre seis y doce años -- Desarrollo de la personalidad de los 6 años hasta la adolescencia -- Temperamento, carácter y personalidad -- Desarrollo y conocimiento social -- Implicaciones educativas -- Desarrollo socioemocional, de la identidad y la moral -- Desarrollo emocional -- Identidad -- Desarrollo moral -- Adaptación al grupo de iguales -- Relaciones sociales, familia, escuela y compañeros -- Relaciones interpersonales en el contexto familiar -- Relaciones interpersonales en el contexto escolar -- Interacción en el grupo de iguales. Los compañeros -- Desarrollo físico, Psicológico, intelectual y social en la adolescencia -- Pubertad y adolescencia -- El pensamiento formal -- Desarrollo de la personalidad -- Desarrollo social en la adolescencia -- Desarrollo adulto y envejecimiento -- Desarrollo físico -- Desarrollo cognitivo -- Desarrollo de la personalidad -- Desarrollo social. | |
| 526 | _aSEG68 | ||
| 526 | _aSEG70 | ||
| 526 | _aSEG69 | ||
| 526 | _aSEG67 | ||
| 526 | _aSEG43 | ||
| 526 | _aP144 | ||
| 526 | _aP143 | ||
| 526 | _aP131 | ||
| 526 | _aP122 | ||
| 526 | _aP120 | ||
| 526 | _aP117 | ||
| 526 | _aP112 | ||
| 526 | _aP110 | ||
| 526 | _aP106 | ||
| 526 | _aP101 | ||
| 526 | _aP80 | ||
| 526 | _aP59 | ||
| 526 | _aP54 | ||
| 526 | _aP35 | ||
| 526 | _aP33 | ||
| 526 | _aP30 | ||
| 541 | _g001-000096; | ||
| 541 | _g001-000096; | ||
| 650 | 0 | 4 | _aPsicología evolutiva. |
| 650 | 0 | 4 |
_aPsicología evolutiva, _vEstudios y conferencias. |
| 700 | 1 |
_aPérez Pérez, Neli, _ecoordinador. |
|
| 700 | 1 |
_aNavarro Soria, Ignasi, _ecoordinador. |
|
| 910 |
_agl _clch _d20130708 |
||
| 942 |
_2ddc _cBOOK |
||
| 949 |
_a155.7 P45 _wDEWEY _c1 _i67820 _lCCODEBUL1 _mBUL _p87.00 _r0 _sY _tBOOK _u2015-7-6 _xSALUD _PP33 _o.STAFF. Colección General |
||
| 949 |
_a155.7 P45 _wDEWEY _c2 _i67821 _lCCODEBUL1 _mBUL _p87.00 _r0 _sY _tBOOK _u2015-7-6 _xSALUD _PP33 _o.STAFF. Colección General |
||
| 994 |
_aC0 _bPEPRU |
||
| 596 | _a1 | ||
| 999 |
_a155.7 P45 _wDEWEY _c55343 _i67820 _d55343 _e2019-9-19 _f2021-11-3 _g5 _lCCODEBUL1 _mBUL _n31 _p87.00 _q12 _r0 _sY _tBOOK _u2015-7-6 _xSALUD _zP33 _0COMPRA _o.STAFF. Colección Ciencias de la Salud |
||
| 999 |
_a155.7 P45 _wDEWEY _c2 _i67821 _d2019-10-21 _e2019-10-14 _f2021-11-3 _g5 _lCCODEBUL1 _mBUL _n21 _p87.00 _q7 _r0 _sY _tBOOK _u2015-7-6 _xSALUD _zP33 _0COMPRA _o.STAFF. Colección Ciencias de la Salud |
||
| 980 |
_81 _gALBERTO SANCHEZ Responsable de Automatización |
||